| 000 | 00402pab a2200157 454500 | ||
|---|---|---|---|
| 008 | 180718b1999 xxu||||| |||| 00| 0 eng d | ||
| 100 | _aKlug, Francesca | ||
| 245 | _aThe Human Rights Act 1988, Pepper V. Hart and all that | ||
| 260 | _c1999 | ||
| 300 | _ap.246-73 | ||
| 362 | _aSummer | ||
| 650 | _aHuman rights - Great Britain | ||
| 650 | _aHuman rights | ||
| 773 | _aPublic Law | ||
| 909 | _a41494 | ||
| 999 |
_c41494 _d41494 |
||